Maitrisez-vous les fuseaux horaires ? Très difficile 2 - Statistiques

Statistiques générales
  • Ce quiz a été pris 14 fois
  • Le résultat moyen est 7 sur 20
Statistiques - réponses
Hint Réponse % Correct
Dublin - 14h17 15h17
92%
Tirana - 12h36 12h36
62%
Houston - 15h03 22h03
62%
Tegucigalpa - 18h42 2h42
62%
Sao Paulo - 6h28 11h28
54%
Athènes - 20h17 19h17
46%
La Havane - 23h03 5h03
46%
Doha - 20h36 19h36
38%
Lima - 22h42 5h42
38%
Nouakchott - 17h42 19h42
31%
Panama - 19h28 2h28
31%
Minsk - 4h28 3h28
31%
Ekaterinenbourg - 10h17 7h17
31%
Port-Gentil - 5h28 6h28
23%
Bangui - 0h03 1h03
15%
Tachkent - 5h36 2h36
15%
Kiev - 3h36
2h36
15%
Calcutta - 2h17 22h47
8%
Vladivostok - 11h42 3h42
8%
Managua - 16h03 0h03
0%
Aucun quiz correspondant
Distribution des résultats
% des personnes avec chaque résultat
Percentile par nombre de réponses
Votre historique - résultats
Vous n’avez pas pris ce quiz